书目信息 |
| 题名: |
类聚名贤乐府群玉
|
|
| 作者: | 无名氏 选辑 ;隋树森 校订 | |
| 分册: | ||
| 出版信息: | 上海 上海古籍出版社 1982 |
|
| 页数: | 223页 | |
| 开本: | 19cm | |
| 丛书名: | ||
| 单 册: | ||
| 中图分类: | I222.6 | |
| 科图分类: | ||
| 主题词: | 乐府诗--中国--选集 | |
| 电子资源: | ||
| ISBN: | ||
| 000 | 00680nam0 2200241 45 | |
| 001 | 0182004574 | |
| 005 | 20060911110345.50 | |
| 010 | @dCNY0.59 | |
| 091 | @aCN@b10186.360 | |
| 100 | @a19950705d1982 em y0chiy0121 ea | |
| 101 | 0 | @achi |
| 102 | @aCN@b310000 | |
| 105 | @ay z 000gy | |
| 200 | 10 | @a类聚名贤乐府群玉@Alei ju ming xian yue fu qun yu@f(元)无名氏选辑@g隋树森校订 |
| 210 | @a上海@c上海古籍出版社@d1982 | |
| 215 | @a223页@d19cm | |
| 606 | @a乐府诗@y中国@x选集 | |
| 690 | @aI222.6@v3 | |
| 701 | 0 | @a无名氏@Awu ming shi@f元@4选辑 |
| 702 | 0 | @a隋树森@Asui shu sen@4校订 |
| 801 | 0 | @aCN@bTSSF@c20060911 |
| 801 | 2 | @aCN@bNLC@c20060805 |
| 905 | @a10447@dI222.6@e454 | |
| 类聚名贤乐府群玉/(元)无名氏选辑/隋树森校订.-上海:上海古籍出版社,1982 |
| 223页;19cm |
| ISBN :CNY0.59 |
| ● |
| 相关链接 |
|
|
|
|
正题名:类聚名贤乐府群玉
索取号:I222.6/454
 
预约/预借
| 序号 | 登录号 | 条形码 | 馆藏地/架位号 | 状态 | 备注 |
| 1 | 0450326 | 204503260 | 密集书库/ [索取号:I222.6/454] | 在馆 | |
| 2 | 0475344 | 204753445 | 密集书库/ [索取号:I222.6/454] | 在馆 |